[Event "25th Czech Open A 2014"]
[Site "Pardubice CZE"]
[Date "2014.07.26"]
[Round "9.23"]
[White "Sivuk, Vitaly"]
[Black "Cerveny, Martin"]
[Result "1/2-1/2"]
[WhiteTitle "IM"]
[BlackTitle "FM"]
[WhiteElo "2483"]
[BlackElo "2375"]
[WhiteFideId "14116502"]
[BlackFideId "321141"]
[EventDate "2014.07.18"]

1. e4 c5 2. Nf3 d6 3. d4 cxd4 4. Nxd4 Nf6 5. Nc3 a6 6. Be3 e5 7. Nb3 Be6 8. h3
Nc6 9. Qf3 Rc8 10. O-O-O Qc7 11. Kb1 b5 12. g4 Na5 13. Nxa5 Qxa5 14. Nd5 Bxd5
15. exd5 Qa4 16. Qf5 Nd7 17. Bd3 g6 18. Qf3 Bg7 19. h4 O-O 20. h5 Rfe8 21. hxg6
hxg6 22. Qh3 Nf6 23. Bh6 Bh8 24. Bf5 Qc4 25. Bg5 Bg7 26. Bxc8 Rxc8 27. Qd3 Nxg4
28. Qxc4 bxc4 29. Rh4 f5 30. f3 Nf6 31. c3 e4 32. Rh3 exf3 33. Bxf6 Bxf6 34.
Rxf3 Be5 35. Kc2 Kf7 36. b3 Kf6 37. Rdf1 Rc5 38. b4 Rxd5 39. a4 Ke6 40. Rg1 Kf6
41. Rgf1 Ke6 42. Rg1 Kf6 1/2-1/2

[Event "25th Czech Open A 2014"]
[Site "Pardubice CZE"]
[Date "2014.07.26"]
[Round "9.24"]
[White "Roeder, Matthias"]
[Black "Potapov, Pavel"]
[Result "1/2-1/2"]
[WhiteTitle "IM"]
[BlackTitle "IM"]
[WhiteElo "2423"]
[BlackElo "2482"]
[WhiteFideId "4600223"]
[BlackFideId "4169786"]
[EventDate "2014.07.18"]

1. Nf3 f5 2. c4 Nf6 3. g3 g6 4. b4 Bg7 5. Bb2 d6 6. d4 O-O 7. Bg2 Qe8 8. O-O a5
9. b5 Nbd7 10. Nbd2 h6 11. d5 g5 12. Qc2 Qg6 13. Rad1 Nc5 14. Nb3 Nfe4 15. Nxc5
Nxc5 16. Nd4 Bd7 17. e3 Rae8 18. Ba3 Kh8 19. Bxc5 dxc5 20. Ne6 Bxe6 21. dxe6 b6
22. Bc6 Rd8 23. Rxd8 Rxd8 24. Rd1 Rf8 25. g4 Be5 26. Rd5 Qg7 27. gxf5 g4 28. Qd2
Rxf5 29. Rd8+ Rf8 30. Qd7 h5 31. Rxf8+ Qxf8 32. Qe8 Qxe8 33. Bxe8 h4 34. Bh5 g3
35. hxg3 hxg3 36. f4 Bb2 37. Kg2 Bc1 38. Kxg3 1/2-1/2

[Event "25th Czech Open A 2014"]
[Site "Pardubice CZE"]
[Date "2014.07.26"]
[Round "9.26"]
[White "Simacek, Pavel"]
[Black "Suran, Jan"]
[Result "1-0"]
[WhiteTitle "IM"]
[BlackTitle "FM"]
[WhiteElo "2470"]
[BlackElo "2368"]
[WhiteFideId "307165"]
[BlackFideId "305782"]
[EventDate "2014.07.18"]

1. e4 d6 2. d4 Nf6 3. Bd3 e5 4. c3 Nc6 5. d5 Ne7 6. c4 g6 7. Nc3 Bg7 8. f4 exf4
9. Bxf4 O-O 10. Qd2 c6 11. Nf3 cxd5 12. cxd5 Bg4 13. O-O Nd7 14. Kh1 Ne5 15.
Rac1 Bxf3 16. gxf3 Rc8 17. Be2 a6 18. b3 f5 19. Bg5 Nf7 20. Bh4 Qd7 21. Na4 Rxc1
22. Qxc1 fxe4 23. fxe4 Bh6 24. Nb6 Qh3 25. Qe1 Bg5 26. Bg3 Ne5 27. Rxf8+ Kxf8
28. Qd1 Be3 29. Bf1 Qh6 30. Bxe5 dxe5 31. Nd7+ Kg7 32. Nxe5 Qf4 33. Ng4 Bc5 34.
Bg2 h5 35. Qa1+ Kh7 36. Nf6+ Kh6 37. Ne8 Kg5 38. Ng7 Kh4 39. Ne6 Qf2 40. Nxc5
Qxc5 41. Qf6+ g5 42. Qf3 Qc1+ 43. Bf1 g4 44. Qf6+ Qg5 45. Qd6 g3 46. hxg3+ Kg4
47. Be2+ Kh3 48. Bf1+ Kg4 49. Kh2 Kf3 50. Bg2+ Ke3 51. Qb6+ Ke2 52. Qxb7 h4 53.
Qxa6+ Kd2 54. Qa5+ Kc2 55. Qe1 Ng6 56. Bf3 Ne5 57. Qf2+ Kb1 58. gxh4 Qf4+ 59.
Kg2 Ng6 60. Kh3 Nxh4 61. Qe1+ Kxa2 62. Qxh4 Qxf3+ 63. Qg3 Qh5+ 64. Kg2 Ka3 65.
Kf2 Qd1 66. Qe3 Qc2+ 67. Kf3 Qd1+ 68. Kf4 Qf1+ 69. Qf3 Qc1+ 70. Qe3 Qc7+ 71. e5
Qf7+ 72. Ke4 Qg6+ 73. Kd4 Qb6+ 74. Kd3 Qb5+ 75. Kc2 1-0

[Event "25th Czech Open A 2014"]
[Site "Pardubice CZE"]
[Date "2014.07.26"]
[Round "9.27"]
[White "Akesson, Ralf"]
[Black "Vrana, Jan"]
[Result "1-0"]
[WhiteTitle "GM"]
[BlackTitle "FM"]
[WhiteElo "2462"]
[BlackElo "2374"]
[WhiteFideId "1700120"]
[BlackFideId "322369"]
[EventDate "2014.07.18"]

1. d4 d5 2. c4 dxc4 3. e4 Nf6 4. e5 Nd5 5. Bxc4 Nb6 6. Bd3 Nc6 7. Ne2 Bg4 8. f3
Bh5 9. Nbc3 e6 10. Be4 Qd7 11. O-O Be7 12. d5 exd5 13. Nxd5 Nxd5 14. Qxd5 Qxd5
15. Bxd5 Nxe5 16. Bxb7 Rb8 17. Bd5 Bc5+ 18. Kh1 f6 19. Nf4 Bf7 20. Ne6 Bxe6 21.
Bxe6 Nd3 22. g3 Bd4 23. Rb1 Nxc1 24. Rbxc1 c5 25. b3 Rb6 26. Rfe1 Kd8 27. f4 Re8
28. f5 Kc7 29. Re4 Kd6 30. Rh4 h6 31. Rc4 Ke5 32. Kg2 Ra6 33. Rc2 Rb6 34. Kf3
Re7 35. Re4+ Kd6 36. Rce2 a5 37. Kg4 Rb4 38. a3 Rb8 39. Kh5 Rbb7 40. Kg6 Ra7 41.
b4 axb4 42. axb4 Bg1 43. Rg2 Ra1 44. Rd2+ Kc7 45. bxc5 Rc1 46. Ra4 Bxc5 47. Ra8
Rc3 48. Rg8 h5 49. Kxh5 Bg1 50. Rc8+ 1-0

[Event "25th Czech Open A 2014"]
[Site "Pardubice CZE"]
[Date "2014.07.26"]
[Round "9.28"]
[White "Vishnu Prasanna, V"]
[Black "Muhammad, Luthfi Ali"]
[Result "1-0"]
[WhiteTitle "GM"]
[BlackTitle "FM"]
[WhiteElo "2459"]
[BlackElo "2336"]
[WhiteFideId "5030692"]
[BlackFideId "7103743"]
[EventDate "2014.07.18"]

1. d4 Nf6 2. c4 g6 3. Nc3 Bg7 4. e4 d6 5. Bd3 O-O 6. Nge2 e5 7. d5 a5 8. h3 Na6
9. g4 Nd7 10. Ng3 Bf6 11. h4 Ndc5 12. Be2 c6 13. Bh6 Re8 14. Qd2 Nb4 15. Kf1
cxd5 16. cxd5 b6 17. Be3 Qd7 18. Rd1 Ba6 19. Bxa6 Nbxa6 20. Qe2 Rec8 21. Kg2
Rab8 22. g5 Bg7 23. h5 Nc7 24. Rh4 b5 25. Rdh1 b4 26. Nd1 Nb5 27. hxg6 hxg6 28.
Qf3 Nd4 29. Qf6 1-0

[Event "25th Czech Open A 2014"]
[Site "Pardubice CZE"]
[Date "2014.07.26"]
[Round "9.29"]
[White "Nakar, Eylon"]
[Black "Chandra, Akshat"]
[Result "1-0"]
[WhiteTitle "IM"]
[BlackTitle "IM"]
[WhiteElo "2419"]
[BlackElo "2442"]
[WhiteFideId "2811111"]
[BlackFideId "25006711"]
[EventDate "2014.07.18"]

1. e4 c5 2. Nf3 d6 3. Bb5+ Nd7 4. d4 cxd4 5. Qxd4 a6 6. Bxd7+ Bxd7 7. c4 Rc8 8.
Nc3 e5 9. Qd3 Qc7 10. b3 b5 11. Nd5 Qc6 12. Nd2 Ne7 13. Ne3 Ng6 14. O-O Nf4 15.
Qc2 Be7 16. Ba3 O-O 17. Rad1 f5 18. Rfe1 Qb7 19. f3 fxe4 20. Nxe4 b4 21. Bb2 d5
22. Ng3 d4 23. Qe4 Qxe4 24. Nxe4 Be6 25. Nf1 Ng6 26. Nfg3 Bf5 27. Nxf5 Rxf5 28.
Bc1 Rff8 29. Nf2 a5 30. Nd3 Bd6 31. Bd2 Rfe8 32. Rc1 Bc7 33. Re4 Nf8 34. Rce1
Nd7 35. Bg5 Nf6 36. R4e2 Nd7 37. f4 Bb6 38. fxe5 Nc5 39. Rd1 Nxd3 40. Rxd3 Rc5
41. Bf4 g5 42. Bg3 h5 43. h3 Kg7 44. Kf2 Kg6 45. Kf3 Kf5 46. Re4 Rc6 47. Bf2
Rxe5 48. g4+ hxg4+ 49. hxg4+ Kf6 50. Bxd4 Bxd4 51. Rdxd4 Rec5 52. Rd7 Rb6 53.
Ke3 a4 54. Kd4 axb3 55. axb3 Ra5 56. c5 Rbb5 57. Rd6+ Kf7 58. Re5 Ra1 59. Kc4
Rb8 60. Rxg5 Rc1+ 61. Kd5 Rc3 62. Rf5+ Kg7 63. c6 Rxb3 64. c7 Rc8 65. Rd7+ Kg6
66. Kc6 Rc3+ 67. Kb7 Re8 68. Rd6+ Kg7 69. Rc6 1-0

[Event "25th Czech Open A 2014"]
[Site "Pardubice CZE"]
[Date "2014.07.26"]
[Round "9.30"]
[White "Gordievsky, Dmitry"]
[Black "Zubritskiy, Artyom"]
[Result "1/2-1/2"]
[WhiteTitle "FM"]
[WhiteElo "2439"]
[BlackElo "2335"]
[WhiteFideId "24112798"]
[BlackFideId "4181247"]
[EventDate "2014.07.18"]

1. d4 d5 2. c4 Nc6 3. Nc3 dxc4 4. Nf3 Nf6 5. Bg5 Nd5 6. e3 Nxc3 7. bxc3 Na5 8.
Bh4 c6 9. Ne5 Be6 10. f4 g6 11. e4 Bg7 12. Be2 O-O 13. O-O f6 14. Nf3 b5 15. h3
Qd6 16. Bg3 1/2-1/2

[Event "25th Czech Open A 2014"]
[Site "Pardubice CZE"]
[Date "2014.07.26"]
[Round "9.31"]
[White "Satyapragyan, Swayangsu"]
[Black "Nagy, Gabor1"]
[Result "1/2-1/2"]
[WhiteTitle "IM"]
[BlackTitle "IM"]
[WhiteElo "2393"]
[BlackElo "2434"]
[WhiteFideId "5004306"]
[BlackFideId "737119"]
[EventDate "2014.07.18"]

1. e4 c5 2. Nf3 d6 3. Bb5+ Nd7 4. O-O Nf6 5. Re1 e5 6. c3 Be7 7. d4 O-O 8. h3 a6
9. Bd3 Re8 10. d5 Nf8 11. c4 Ng6 12. Bf1 h6 13. Nc3 Bd7 14. Be3 Nh7 15. a3 a5
16. Rb1 Ng5 17. Nd2 Qc8 18. Be2 Nf4 19. Bg4 g6 20. Bxd7 Qxd7 21. Bxf4 exf4 22.
e5 dxe5 23. Rxe5 Bf6 24. Rxe8+ Rxe8 25. h4 1/2-1/2

[Event "25th Czech Open A 2014"]
[Site "Pardubice CZE"]
[Date "2014.07.26"]
[Round "9.32"]
[White "Druska, Juraj"]
[Black "Biolek, Richard Jr."]
[Result "1/2-1/2"]
[WhiteTitle "FM"]
[BlackTitle "IM"]
[WhiteElo "2355"]
[BlackElo "2429"]
[WhiteFideId "14915650"]
[BlackFideId "319996"]
[EventDate "2014.07.18"]

1. e4 e5 2. Nf3 Nc6 3. Bc4 Nf6 4. Ng5 d5 5. exd5 Na5 6. d3 h6 7. Nf3 e4 8. Qe2
Nxc4 9. dxc4 Bc5 10. Nfd2 O-O 11. Nb3 Bg4 12. Qf1 Bb4+ 13. c3 Be7 14. h3 Bh5 15.
g4 Bg6 16. Be3 b5 17. Nd4 bxc4 18. Nc6 Qd6 19. Qxc4 Rfe8 20. Nxe7+ Rxe7 21. Bc5
Qf4 22. Nd2 Rd7 23. Be3 Qe5 24. O-O-O Nxd5 25. Qc6 Rad8 26. Nc4 Qe8 27. Rd4 Ne7
28. Qa4 Rxd4 29. Qxe8+ Rxe8 30. Bxd4 Nc6 31. Ne3 Nxd4 32. cxd4 Rd8 33. Rd1 Kf8
34. d5 Rd6 35. Rd4 Ke7 36. Kd2 Ra6 37. a3 Rb6 38. Rb4 Rxb4 39. axb4 Kd6 40. Kc3
c6 41. Kd4 cxd5 42. Nxd5 f5 43. gxf5 Bxf5 44. h4 g5 45. hxg5 hxg5 46. Nc3 e3 47.
fxe3 g4 48. Ne2 Kc6 49. Ke5 Bc8 50. Nd4+ Kb6 51. Kf4 a5 52. bxa5+ Kxa5 53. Nc6+
Ka4 54. Ne7 Bd7 55. e4 Kb3 56. Nf5 Kxb2 57. Kxg4 Kc3 1/2-1/2

[Event "25th Czech Open A 2014"]
[Site "Pardubice CZE"]
[Date "2014.07.26"]
[Round "9.33"]
[White "Tokranovs, Dmitrijs"]
[Black "Jovanic, Ognjen"]
[Result "0-1"]
[BlackTitle "GM"]
[WhiteElo "2297"]
[BlackElo "2482"]
[WhiteFideId "11603011"]
[BlackFideId "14504081"]
[EventDate "2014.07.18"]

1. e4 e5 2. Nf3 Nc6 3. Bc4 Bc5 4. c3 Nf6 5. d4 exd4 6. cxd4 Bb4+ 7. Bd2 Nxe4 8.
Bxb4 Nxb4 9. Bxf7+ Kxf7 10. Qb3+ Kf8 11. Qxb4+ Qe7 12. Qxe7+ Kxe7 13. O-O Kd8
14. Re1 Nf6 15. Nc3 d6 16. d5 h6 17. Nd4 Bd7 18. f4 c6 19. Rad1 cxd5 20. f5 Re8
21. Ne6+ Bxe6 22. fxe6 a6 23. Nxd5 Nxd5 24. Rxd5 Ke7 25. Rd3 Rac8 26. Rg3 g5 27.
h4 Rg8 28. Rf3 Rgf8 29. Rb3 b5 30. hxg5 hxg5 31. Rh3 Rh8 32. Rf3 Rh7 33. Re2 Rc5
34. Kf2 a5 35. Kg3 Re5 36. Rxe5 dxe5 37. Rb3 b4 38. a3 Rh4 39. axb4 Rxb4 40. Rc3
Kxe6 41. Rc5 a4 42. Ra5 Kf5 43. Kh3 Kf4 44. g3+ Ke4 45. Kg4 Kd3+ 46. Kxg5 e4 47.
Kf4 Ke2 48. g4 Kf2 49. Kg5 e3 50. Rf5+ Ke1 51. Kh5 e2 52. g5 Kd2 53. Rd5+ Ke3
54. g6 e1=Q 55. Re5+ Re4 0-1

[Event "25th Czech Open A 2014"]
[Site "Pardubice CZE"]
[Date "2014.07.26"]
[Round "9.34"]
[White "Dourerassou, Jonathan"]
[Black "Bruedigam, Martin"]
[Result "0-1"]
[WhiteTitle "IM"]
[BlackTitle "FM"]
[WhiteElo "2515"]
[BlackElo "2328"]
[WhiteFideId "628050"]
[BlackFideId "24608033"]
[EventDate "2014.07.18"]

1. e4 e5 2. Nf3 Nc6 3. Bb5 a6 4. Ba4 Nf6 5. O-O Be7 6. Qe2 b5 7. Bb3 O-O 8. c3
d5 9. d3 Bb7 10. Nbd2 Re8 11. a3 Bf8 12. Rd1 h6 13. Nf1 Na5 14. Ba2 c5 15. b4
Nc6 16. Bb2 cxb4 17. cxb4 d4 18. Ng3 Qb6 19. Nh4 Bc8 20. Nh5 Nxh5 21. Bxf7+ Kxf7
22. Qxh5+ Ke7 23. f4 Kd8 24. Rac1 Ra7 25. fxe5 Rc7 26. Rf1 Nxe5 27. Rxf8 Rxf8
28. Qxe5 Rxc1+ 29. Bxc1 Qf6 30. Qd5+ Kc7 31. Nf3 Bg4 32. Bb2 Bxf3 33. Bxd4 Qc6
34. Qe5+ Kc8 35. Bc5 Qg6 36. Qg3 Qxg3 37. hxg3 Rf7 38. gxf3 Rxf3 39. d4 Rxg3+
40. Kf2 Rxa3 41. d5 a5 42. bxa5 Rxa5 43. Ke3 h5 44. Be7 Kd7 45. Bb4 Ra4 46. Bf8
h4 47. e5 h3 48. e6+ Kd8 49. Bd6 Ra2 50. Bf4 h2 51. d6 Rg2 0-1

[Event "25th Czech Open A 2014"]
[Site "Pardubice CZE"]
[Date "2014.07.26"]
[Round "9.35"]
[White "Golubov, Saveliy"]
[Black "Boruchovsky, Avital"]
[Result "1/2-1/2"]
[BlackTitle "GM"]
[WhiteElo "2339"]
[BlackElo "2503"]
[WhiteFideId "24176729"]
[BlackFideId "2800055"]
[EventDate "2014.07.18"]

1. e4 e5 2. Nf3 Nc6 3. Bb5 Nf6 4. d3 Bc5 5. c3 O-O 6. O-O d6 7. h3 Ne7 8. Re1
Ng6 9. Nbd2 c6 10. Ba4 Nh5 11. Nf1 Nhf4 12. d4 exd4 13. cxd4 Bb4 14. Bd2 Bxd2
15. Qxd2 f5 16. Bb3+ Kh8 17. e5 Be6 18. Bxe6 Nxe6 19. d5 Nc5 1/2-1/2

[Event "25th Czech Open A 2014"]
[Site "Pardubice CZE"]
[Date "2014.07.26"]
[Round "9.37"]
[White "Sabuk, Piotr"]
[Black "Malakhov, Igor"]
[Result "1/2-1/2"]
[BlackTitle "IM"]
[WhiteElo "2336"]
[BlackElo "2454"]
[WhiteFideId "1137565"]
[BlackFideId "4183088"]
[EventDate "2014.07.18"]

1. d4 Nf6 2. c4 c5 3. d5 e6 4. Nc3 exd5 5. cxd5 d6 6. e4 g6 7. Nge2 Bg7 8. Ng3
O-O 9. Be2 a6 10. a4 Nbd7 11. O-O 1/2-1/2

[Event "25th Czech Open A 2014"]
[Site "Pardubice CZE"]
[Date "2014.07.26"]
[Round "9.38"]
[White "Glantz, Robert"]
[Black "Rasik, Vitezslav"]
[Result "0-1"]
[WhiteTitle "FM"]
[BlackTitle "IM"]
[WhiteElo "2317"]
[BlackElo "2445"]
[WhiteFideId "24629596"]
[BlackFideId "300306"]
[EventDate "2014.07.18"]

1. e4 d6 2. d4 g6 3. Nc3 Bg7 4. f4 Nf6 5. Nf3 O-O 6. Bd3 Nc6 7. O-O e5 8. fxe5
dxe5 9. d5 Nd4 10. Nxe5 Nxd5 11. Nxd5 Bxe5 12. c3 Nc6 13. Bf4 Be6 14. Bc4 Bxf4
15. Rxf4 Ne5 16. Nf6+ Kg7 17. Bd5 c6 18. Qe2 cxd5 19. exd5 Nd7 20. dxe6 Nxf6 21.
e7 Qb6+ 22. Kh1 Rfc8 23. Raf1 Rc6 24. g4 Re6 25. Qf3 g5 26. Rf5 Qc6 27. Rxg5+
Kh8 28. Qxc6 bxc6 29. Rgf5 Ng8 30. Rxf7 Re8 31. Rd1 R8xe7 32. Rd7 Rxf7 33. Rxf7
Re7 34. Rf2 Kg7 35. Kg2 Nf6 36. h3 Nd5 37. Kg3 Re3+ 38. Kh4 Ne7 39. g5 Re4+ 40.
Kg3 Kg6 41. Kf3 Kf5 42. Rd2 Nd5 43. Rd3 Rf4+ 44. Kg2 Ke4 45. Rd4+ Ke3 46. Kg3
Rxd4 47. cxd4 Kxd4 48. Kg4 Ke5 49. h4 Nf4 50. b4 Ke4 51. a4 a6 52. a5 Ke5 53. h5
Ne6 54. g6 h6 55. Kf3 Ng7 56. Kg4 Ke4 57. Kh4 Kf4 0-1

[Event "25th Czech Open A 2014"]
[Site "Pardubice CZE"]
[Date "2014.07.26"]
[Round "9.39"]
[White "Simantsev, Mikhail"]
[Black "Lokander, Martin"]
[Result "0-1"]
[WhiteTitle "GM"]
[BlackTitle "FM"]
[WhiteElo "2434"]
[BlackElo "2309"]
[WhiteFideId "14104555"]
[BlackFideId "1709569"]
[EventDate "2014.07.18"]

1. d4 Nf6 2. c4 g6 3. f3 d5 4. cxd5 Nxd5 5. e4 Nb6 6. Nc3 Bg7 7. Be3 O-O 8. Qd2
e5 9. d5 c6 10. h4 cxd5 11. exd5 N8d7 12. h5 Nf6 13. hxg6 fxg6 14. O-O-O Bd7 15.
Kb1 Rc8 16. Nh3 e4 17. fxe4 Qe8 18. Nf2 Na4 19. Bd3 Nxb2 20. Qxb2 Nxd5 21. Qb3
Rxc3 22. Qxd5+ Be6 23. Qa5 b6 24. Qa6 Qe7 25. Rd2 Qb4+ 26. Rb2 Qxb2+ 27. Kxb2
Rxd3+ 28. Kb1 Rxe3 29. Rf1 Rc3 30. Nd1 Rxf1 31. Qxf1 Bc4 32. Qf4 Bd3+ 33. Kb2
Rc5+ 34. Ka3 Ra5+ 35. Kb3 Rb5+ 36. Ka4 Rb1 0-1

[Event "25th Czech Open A 2014"]
[Site "Pardubice CZE"]
[Date "2014.07.26"]
[Round "9.40"]
[White "Rojicek, Vojtech"]
[Black "Rjabzev, Konstantin"]
[Result "1-0"]
[WhiteTitle "IM"]
[BlackTitle "IM"]
[WhiteElo "2433"]
[BlackElo "2308"]
[WhiteFideId "319902"]
[BlackFideId "4150015"]
[EventDate "2014.07.18"]

1. e4 e5 2. Nf3 Nc6 3. Bb5 a6 4. Ba4 Nge7 5. d3 g6 6. c3 Bg7 7. Nbd2 O-O 8. Nf1
b5 9. Bc2 d5 10. Qe2 f5 11. h3 Kh8 12. Bd2 Rb8 13. g4 fxe4 14. dxe4 b4 15. N1h2
bxc3 16. bxc3 Rb2 17. Bc1 Rxc2 18. Qxc2 dxe4 19. Qxe4 Qd5 20. Ng5 Qb5 21. a4 Qc5
22. O-O Qxc3 23. Ra3 Qd4 24. Rf3 h6 25. Be3 Qd5 26. Rc1 Rxf3 27. Nhxf3 Bb7 28.
Qxd5 Nxd5 29. Ne6 e4 30. Nxg7 exf3 31. Ne6 Kh7 32. Nc5 Bc8 33. Nxa6 Ne5 34. Nxc7
Nxe3 35. fxe3 h5 36. Rc5 hxg4 37. Rxe5 g3 38. Re7+ Kh6 39. Rf7 f2+ 40. Kg2 1-0

[Event "25th Czech Open A 2014"]
[Site "Pardubice CZE"]
[Date "2014.07.26"]
[Round "9.41"]
[White "Kerigan, Demre"]
[Black "Kohlweyer, Bernd"]
[Result "1/2-1/2"]
[WhiteTitle "FM"]
[BlackTitle "IM"]
[WhiteElo "2318"]
[BlackElo "2422"]
[WhiteFideId "6307841"]
[BlackFideId "4600622"]
[EventDate "2014.07.18"]

1. e4 c5 2. Nf3 e6 3. g3 Nc6 4. Bg2 Nf6 5. Qe2 e5 6. O-O Be7 7. c3 O-O 8. Rd1
Re8 9. d4 exd4 10. cxd4 cxd4 11. Nxd4 Nxd4 12. Rxd4 Bc5 13. Rd1 d5 14. Nc3 Bg4
15. Bf3 Nxe4 16. Bxg4 Nxc3 17. Qc2 Ne4 18. Kg2 Nxf2 19. Qxc5 Nxg4 20. Rxd5 Qc8
21. Qxc8 Raxc8 22. Rd2 f6 23. b3 Kf7 24. h3 Ne5 25. Bb2 Red8 26. Rad1 Rxd2+ 27.
Rxd2 Ke6 28. Kf2 Rc7 29. Re2 a6 30. h4 Rc5 31. g4 Rd5 32. Kg3 Rd3+ 33. Kg2 h6
34. g5 h5 35. Bxe5 fxe5 36. Rc2 Kf5 37. Rc7 g6 38. Rxb7 Kg4 39. Rb4+ Kf5 40. Ra4
Rd6 41. Kf3 Rd3+ 42. Kg2 1/2-1/2

[Event "25th Czech Open A 2014"]
[Site "Pardubice CZE"]
[Date "2014.07.26"]
[Round "9.42"]
[White "D'Costa, Lorin A R"]
[Black "Nayhebaver, Martin"]
[Result "1-0"]
[WhiteTitle "IM"]
[WhiteElo "2421"]
[BlackElo "2307"]
[WhiteFideId "409219"]
[BlackFideId "14923432"]
[EventDate "2014.07.18"]

1. c4 e5 2. g3 Nc6 3. Nc3 Nf6 4. Bg2 Bc5 5. Nf3 d6 6. O-O O-O 7. e3 Bf5 8. d4
Bb6 9. h3 Re8 10. g4 Bg6 11. b3 h5 12. dxe5 dxe5 13. g5 Nd7 14. Ba3 Bc5 15. Bb2
Bd6 16. h4 Nc5 17. Ne1 e4 18. Nd5 Ne7 19. b4 Nd3 20. Nxd3 Nxd5 21. Nc5 Nxb4 22.
Nxb7 Qe7 23. Nxd6 Qxd6 24. Qxd6 cxd6 25. Bh3 Nd3 26. Ba3 Red8 27. Kg2 Kf8 28.
Rab1 Ne5 29. Rfc1 f5 30. Rb7 a6 31. Rc7 Kg8 32. Rb1 Rdc8 33. Rbb7 Rxc7 34. Rxc7
Rd8 35. Kg3 d5 36. Bb2 Nf7 37. c5 Rb8 38. Bd4 Kf8 39. Kf4 1-0

[Event "25th Czech Open A 2014"]
[Site "Pardubice CZE"]
[Date "2014.07.26"]
[Round "9.43"]
[White "Berchtenbreiter, Maximilian"]
[Black "Ageichenko, Genadi A"]
[Result "1/2-1/2"]
[WhiteTitle "IM"]
[BlackTitle "IM"]
[WhiteElo "2419"]
[BlackElo "2297"]
[WhiteFideId "24641120"]
[BlackFideId "4105222"]
[EventDate "2014.07.18"]

1. e4 c5 2. Nf3 e6 3. d4 cxd4 4. Nxd4 a6 5. Nc3 Qc7 6. Bd3 Nf6 7. Qe2 d6 8. Bd2
Nc6 9. Nxc6 bxc6 10. f4 Nd7 11. O-O Be7 12. Kh1 O-O 13. Rf3 Nc5 14. Rh3 Nxd3 15.
Qxd3 g6 16. Rf1 f5 17. exf5 Rxf5 18. Ne2 Rf7 19. Ng3 d5 20. c4 Bd7 21. cxd5 cxd5
22. Rc1 Qb7 23. Ne2 e5 24. Rg3 Bb5 25. Qb3 Bh4 26. Rh3 Bxe2 27. Qxb7 Rxb7 28.
Rxh4 Rxb2 29. Bc3 Rxa2 30. Bxe5 Re8 31. h3 Bc4 32. Rb1 Bb5 33. Rc1 Ra4 34. Rg4
Rc4 35. Rd1 Bc6 36. Rg3 a5 37. h4 a4 38. h5 Kf7 39. Rf1 Re7 40. hxg6+ hxg6 41.
Rh3 Rc2 42. Rff3 d4 43. Rfg3 d3 44. Rh7+ Ke8 45. Rh8+ Kf7 46. Rh7+ Ke8 47. Rh8+
Kf7 48. Rh7+ 1/2-1/2

[Event "25th Czech Open A 2014"]
[Site "Pardubice CZE"]
[Date "2014.07.26"]
[Round "9.44"]
[White "Shalimov, Valery"]
[Black "Villegas, Pierre"]
[Result "1/2-1/2"]
[WhiteTitle "IM"]
[BlackTitle "FM"]
[WhiteElo "2412"]
[BlackElo "2291"]
[WhiteFideId "14104881"]
[BlackFideId "654183"]
[EventDate "2014.07.18"]

1. d4 Nf6 2. Nf3 g6 3. Bg5 Bg7 4. Nbd2 O-O 5. c3 d5 6. e3 Nbd7 7. Be2 Re8 8. O-O
e5 9. h3 c6 10. Re1 a5 11. a4 exd4 12. exd4 Qb6 13. Qb3 Qxb3 14. Nxb3 Ne4 15.
Bf4 b6 16. Nbd2 Nxd2 17. Nxd2 Nf8 18. Nf3 Ne6 19. Bd6 Rd8 20. Bg3 Bb7 21. h4 c5
22. Rad1 cxd4 23. Nxd4 Nxd4 24. cxd4 Rac8 25. b3 Rc3 26. Bb5 Bf6 27. h5 gxh5 28.
Be5 Kg7 29. Rd3 Rdc8 30. Rde3 Rxe3 31. Rxe3 h4 32. f4 Rc1+ 33. Kf2 Bc8 34. Bd3
Rc3 35. Bf1 Rc2+ 36. Kg1 Bf5 37. Be2 Be4 38. Bf3 Bxf3 39. Rxf3 Bxe5 40. fxe5 Rd2
41. Rf6 Rxd4 42. Rxb6 Rd3 43. b4 axb4 44. Rxb4 d4 45. a5 Ra3 46. Rxd4 Rxa5 47.
Rg4+ Kf8 48. Rxh4 1/2-1/2

[Event "25th Czech Open A 2014"]
[Site "Pardubice CZE"]
[Date "2014.07.26"]
[Round "9.45"]
[White "Farid, Firman Syah"]
[Black "Musaev, Rasul"]
[Result "1-0"]
[WhiteTitle "IM"]
[BlackTitle "FM"]
[WhiteElo "2401"]
[BlackElo "2281"]
[WhiteFideId "7102526"]
[BlackFideId "24146870"]
[EventDate "2014.07.18"]

1. d4 Nf6 2. Nf3 g6 3. c4 c5 4. d5 b5 5. cxb5 Qa5+ 6. Bd2 Qb6 7. Nc3 a6 8. a4
axb5 9. axb5 Rxa1 10. Qxa1 Bb7 11. e4 Bg7 12. Bc4 d6 13. O-O O-O 14. Re1 Nbd7
15. h3 Ne8 16. Na4 Qa7 17. Bc3 Be5 18. b3 Qb8 19. Qb2 Ng7 20. Nxe5 dxe5 21. f4 1-0

[Event "25th Czech Open A 2014"]
[Site "Pardubice CZE"]
[Date "2014.07.26"]
[Round "9.46"]
[White "Potapov, Alexander1"]
[Black "Goluch, Piotr"]
[Result "0-1"]
[WhiteTitle "GM"]
[WhiteElo "2399"]
[BlackElo "2231"]
[WhiteFideId "4115074"]
[BlackFideId "1137840"]
[EventDate "2014.07.18"]

1. d4 Nf6 2. c4 d6 3. Nf3 g6 4. Nc3 Bg7 5. e4 O-O 6. h3 Nc6 7. Bg5 h6 8. Be3 e5
9. d5 Nd4 10. Nxd4 exd4 11. Qxd4 Ng4 12. Qd2 Nxe3 13. Qxe3 f5 14. O-O-O a6 15.
Bd3 b5 16. exf5 bxc4 17. Bxc4 Bxf5 18. g4 Re8 19. Qg3 Be4 20. Rhe1 Qf6 21. f4
Rab8 22. Rd2 Qxc3+ 0-1

[Event "25th Czech Open A 2014"]
[Site "Pardubice CZE"]
[Date "2014.07.26"]
[Round "9.47"]
[White "Braeuer, Franz"]
[Black "Saiyn, Zhanat"]
[Result "0-1"]
[BlackTitle "FM"]
[WhiteElo "2317"]
[BlackElo "2399"]
[WhiteFideId "24634468"]
[BlackFideId "13703820"]
[EventDate "2014.07.18"]

1. Nf3 Nf6 2. c4 e6 3. g3 d5 4. Bg2 d4 5. b4 a5 6. b5 c5 7. d3 Bd6 8. O-O O-O 9.
e4 dxe3 10. Bxe3 Nbd7 11. Nc3 Qc7 12. Ne4 Be7 13. Qe2 Re8 14. Rad1 e5 15. Nfd2
Nxe4 16. dxe4 Nf8 17. Nb1 Ne6 18. Nc3 Nd4 19. Qd3 Be6 20. Rc1 Qd7 21. Kh1 Rac8
22. Rcd1 Bd6 23. Rd2 f6 24. f4 Qf7 25. Nd5 Bxd5 26. exd5 Rcd8 27. f5 e4 28. Bxe4
Qe7 29. Bxd4 Qxe4+ 30. Qxe4 Rxe4 31. Bf2 Rxc4 32. b6 Rc8 33. a3 Ra4 34. Re1 c4
35. Re6 c3 36. Rc2 Be5 37. d6 Rd8 38. Bc5 Rd7 39. Re8+ Kf7 40. Ra8 Rc4 41. Rxa5
Bxd6 42. Be3 Be5 43. Kg2 g6 44. fxg6+ hxg6 45. Kf3 Ke6 46. Ra8 g5 47. h3 Rh7 48.
Re8+ Kd7 49. Rg8 Rxh3 50. Rg7+ Kc6 51. Bf2 Rh8 52. Be3 Rd8 53. Ke2 Rd7 54. Rxd7
Kxd7 55. Kd3 Ra4 56. Ra2 Kc6 57. Bf2 Rg4 58. Ra1 Ra4 59. Ra2 Kb5 60. Be3 Ra8 61.
Kc2 Kc4 62. Ra1 Rh8 63. Rf1 Rh2+ 64. Rf2 Bxg3 65. Rxh2 Bxh2 66. a4 Be5 0-1